Звичайний вигляд
Перегляд у МАРК
Входження „Personal Name“
Кількість записів, які використовуються: 12
001 - CONTROL NUMBER
- control field: 3634
003 - CONTROL NUMBER IDENTIFIER
- control field: UA-OsUOA
005 - DATE AND TIME OF LATEST TRANSACTION
- control field: 20240723161521.0
008 - FIXED-LENGTH DATA ELEMENTS
- fixed length control field: 240723|| aca||aabn | a|a d
040 ## - CATALOGING SOURCE
- Original cataloging agency: UA-OsUOA
- Transcribing agency: UA-OsUOA
100 ## - HEADING--PERSONAL NAME
- Personal name: Власовський І
670 ## - SOURCE DATA FOUND
- Source citation: Work cat.: (UA-OsUOA)576761: Власовський І., Рід князів Острозьких: діяльність видатніших з предків К. К. Острозького